| 000 | 00581cam a2200229 i 4500 | ||
|---|---|---|---|
| 001 | 3656134 | ||
| 005 | 20180117040557.0 | ||
| 008 | 760320s1975 enka b 001 0 eng | ||
| 010 | _a 76356700 | ||
| 015 | _aGB*** | ||
| 020 | _a0582446112 | ||
| 040 |
_aDLC _cDLC _dDLC |
||
| 041 | _aeng | ||
| 080 | _a335.412 HOW | ||
| 082 | 0 | 0 | _a335.412 HOW |
| 100 | 1 | _a52 | |
| 101 | _aEKO | ||
| 245 | 1 | 4 |
_aThe political economy of Marx / _cM. C. Howard & J. E. King. |
| 504 | _aBibliography: p. [258]-270. | ||
| 906 |
_a7 _bcbc _corignew _d3 _encip _f19 _gy-gencatlg |
||
| 942 |
_2ddc _cBK |
||
| 999 |
_c40418 _d40418 |
||